00331nam a2200133Ia 4500008004100000041000800041082001700049100002100066245003500087250000600122260003800128300001300166650001800179210716s1987 xx 000 0 und d aeng a005.133 WHIF aWhitsell, Frank. aC programmers utility library. a1 aNew DelhibBPB Publicationsc1987 aviii,190 aC Programming